000 00288nam a2200121Ia 4500
005 20251222154401.0
008 251222s9999||||xx |||||||||||||| ||spa||
020 _a84-265-7394-0
082 _a818.57/L85E
100 _a"London, Jack"
245 0 _aLa expedición del pirata
942 _cLIB
999 _c35288
_d35288